<?xml version="1.0" encoding="UTF-8"?>
<collection xmlns="http://www.loc.gov/MARC21/slim">
 <record>
  <leader>04883nam a2200301 a 4500</leader>
  <controlfield tag="001">1/44789</controlfield>
  <controlfield tag="008">140701s2003    uk            001 0 eng  </controlfield>
  <datafield tag="020" ind1=" " ind2=" ">
   <subfield code="a">9780750646376</subfield>
  </datafield>
  <datafield tag="020" ind1=" " ind2=" ">
   <subfield code="a">0750646373</subfield>
  </datafield>
  <datafield tag="035" ind1=" " ind2=" ">
   <subfield code="l">47743</subfield>
  </datafield>
  <datafield tag="040" ind1=" " ind2=" ">
   <subfield code="a">OPELS</subfield>
   <subfield code="b">eng</subfield>
   <subfield code="c">OPELS</subfield>
   <subfield code="d">OCLCQ</subfield>
   <subfield code="d">VLB</subfield>
   <subfield code="d">OCLCQ</subfield>
   <subfield code="d">OCLCF</subfield>
   <subfield code="d">GR-PeUP</subfield>
  </datafield>
  <datafield tag="245" ind1="0" ind2="0">
   <subfield code="a">Electrical engineer's reference book</subfield>
   <subfield code="h">[electronic resource].</subfield>
  </datafield>
  <datafield tag="250" ind1=" " ind2=" ">
   <subfield code="a">16th ed. /</subfield>
   <subfield code="b">[edited by] M.A. Laughton, D.J. [i.e. D.F.] Warne.</subfield>
  </datafield>
  <datafield tag="260" ind1=" " ind2=" ">
   <subfield code="a">Oxford [England] ;</subfield>
   <subfield code="a">Burlington, MA :</subfield>
   <subfield code="b">Newnes,</subfield>
   <subfield code="c">2003.</subfield>
  </datafield>
  <datafield tag="300" ind1=" " ind2=" ">
   <subfield code="a">1 online resource (1 v. (various pagings)) :</subfield>
   <subfield code="b">ill.</subfield>
  </datafield>
  <datafield tag="520" ind1=" " ind2=" ">
   <subfield code="a">For ease of use, this edition has been divided into the following subject sections: general principles; materials and processes; control, power electronics and drives; environment; power generation; transmission and distribution; power systems; sectors of electricity use. New chapters and major revisions include: industrial instrumentation; digital control systems; programmable controllers; electronic power conversion; environmental control; hazardous area technology; electromagnetic compatibility; alternative energy sources; alternating current generators; electromagnetic transients; power system planning; reactive power plant and FACTS controllers; electricity economics and trading; power quality. *An essential source of techniques, data and principles for all practising electrical engineers *Written by an international team of experts from engineering companies and universities *Includes a major new section on control systems, PLCs and microprocessors.</subfield>
  </datafield>
  <datafield tag="505" ind1="0" ind2=" ">
   <subfield code="a">Preface. -- General Principles: -- Units, Mathematics and Physical Quantities. -- Electrotechnology. -- Network Analysis. -- Materials &amp; Processes: -- Fundamental Properties of Materials. -- Conductors and Superconductors. -- Semiconductors, Thick and Thin-Film Microcircuits. -- Insulation. -- Magnetic Materials. -- Electroheat and Materials Processing. -- Welding and Soldering. -- Control: -- Electrical Measurement. -- Industrial Instrumentation. -- Control Systems. -- Digital Control Systems. -- Microprocessors. -- Programmable Controllers. -- Power Electronics and Drives: -- Power Semiconductor Devices. -- Electronic Power Conversion. -- Electrical Machine Drives. -- Motors and Actuators. -- Environment: -- Lighting. -- Environmental Control. -- Electromagnetic Compatibility. -- Health and Safety. -- Hazardous Area Technology. -- Power Generation: -- Prime Movers. -- Alternative Energy Sources. -- Alternating Current Generators. -- Batteries. -- Transmission and Distribution: -- Overhead Lines. -- Cables. -- HVDC. -- Power Transformers. -- Switchgear. -- Protection. -- Electromagnetic Transients. -- Optical Fibres in Power Systems. -- Installation. -- Power Systems: -- Power System Planning. -- Power System Operation and Control. -- Reactive Power Plant and FACTS Controllers. -- Electricity Economics and Trading. -- Power Quality. -- Sectors of Electricity in Use: -- Road Transport. -- Railways. -- Ships. -- Aircraft. -- Mining Applications. -- Standards and Certification. -- Index.</subfield>
  </datafield>
  <datafield tag="500" ind1=" " ind2=" ">
   <subfield code="a">Previous ed.: edited by G.R. Jones, M.A. Laughton, M.G. Say. Oxford : Butterworth-Heinemann, 1993.</subfield>
  </datafield>
  <datafield tag="504" ind1=" " ind2=" ">
   <subfield code="a">Includes bibliographical references and index.</subfield>
  </datafield>
  <datafield tag="505" ind1="0" ind2=" ">
   <subfield code="a">Units, mathematics and physical quantities -- Electrotechnology -- Network analysis -- Fundamental properties of materials -- Conductors and superconductors -- Semiconductors, thick and thin-film microcircuits -- Insulation -- Magnetic materials -- Electroheat and materials processing -- Welding and soldering -- Electric measurement -- Industrial instrumentation -- Control systems -- Digital control systems -- Microprocessors -- Programmable controllers -- Power semiconductor devices -- Electronic power conversion -- Electrical machine drives -- Motors and actuators -- Lighting -- Environmental control -- Electromagnetic compatibility -- Health and safety -- Hazardous are technology -- Prime movers -- Alternative energy sources -- Alternating current generators -- Batteries -- Overhead lines -- Cables -- HVDC -- Power transformers -- Switchgear -- Protection -- Electromagnetic transients -- Optical fibres in power systems -- Installation -- Power system planning -- Power system operation and control -- Reactive power plant and FACTS controllers -- Electricity economics and trading -- Power quality -- Road transport -- Railways -- Ships -- Aircraft -- Mining applications -- Standards and certification.</subfield>
  </datafield>
  <datafield tag="650" ind1=" " ind2="4">
   <subfield code="a">Electrical engineering.</subfield>
  </datafield>
  <datafield tag="655" ind1=" " ind2="4">
   <subfield code="a">Electronic books.</subfield>
  </datafield>
  <datafield tag="700" ind1="1" ind2=" ">
   <subfield code="a">Laughton, M. A.</subfield>
  </datafield>
  <datafield tag="700" ind1="1" ind2=" ">
   <subfield code="a">Warne, D. F.</subfield>
  </datafield>
  <datafield tag="852" ind1=" " ind2=" ">
   <subfield code="a">INST</subfield>
   <subfield code="b">UNIPILB</subfield>
   <subfield code="c">EBOOKS</subfield>
   <subfield code="e">20140701</subfield>
   <subfield code="p">00b47743</subfield>
   <subfield code="q">00b47743</subfield>
   <subfield code="t">ONLINE</subfield>
   <subfield code="y">0</subfield>
  </datafield>
  <datafield tag="856" ind1="4" ind2="0">
   <subfield code="3">ScienceDirect</subfield>
   <subfield code="u">http://www.sciencedirect.com/science/book/9780750646376</subfield>
  </datafield>
  <datafield tag="856" ind1="4" ind2=" ">
   <subfield code="d">/webopac/covers/03/47743_9780750646376.jpg</subfield>
  </datafield>
  <datafield tag="856" ind1="4" ind2=" ">
   <subfield code="d">/webopac/covers/03/47743_0750646373.jpg</subfield>
  </datafield>
 </record>
</collection>
